[Event "WchT Blitz Pool B"]
[Site "London"]
[Date "2025.06.14"]
[Round "5.4"]
[White "Hanache, Kai"]
[Black "Siddharth, Jagadeesh"]
[Result "0-1"]
[WhiteElo "2149"]
[BlackElo "2461"]
[PlyCount "51"]
[EventDate "2025.06.14"]
[EventType "team-tourn"]
[EventRounds "13"]
[EventCountry "ENG"]
[SourceTitle "CB25_2025"]
[SourceDate "2025.06.18"]
[SourceVersion "1"]
[SourceVersionDate "2025.06.18"]
[SourceQuality "1"]
[WhiteTeam "Hammersmith"]
[BlackTeam "Theme Int Trading"]
[WhiteTeamCountry "ENG"]
[BlackTeamCountry "SIN"]

1. e4 d6 2. d4 Nf6 3. Nc3 e5 4. Nf3 Nbd7 5. Bc4 Be7 6. 0-0 0-0 7. Re1 c6 8. h3 b5 9. Bb3 Bb7 10. Bg5 h6 11. Bh4 Qc7 12. d5 a6 13. dxc6 Bxc6 14. Qe2 b4 15. Bxf6 Nxf6 16. Nd5 Bxd5 17. exd5 a5 18. a4 Rac8 19. Rad1 Nd7 20. Nd4 Nc5 21. Nc6 Bg5 22. Qb5 Ra8 23. Ba2 Kh8 24. b3 f5 25. Bb1 Ne4 26. Qd3 0-1

[Event "WchT Blitz Pool B"]
[Site "London"]
[Date "2025.06.14"]
[Round "8.4"]
[White "Siddharth, Jagadeesh"]
[Black "Longson, Sarah N"]
[Result "1-0"]
[WhiteElo "2461"]
[BlackElo "1941"]
[PlyCount "29"]
[EventDate "2025.06.14"]
[EventType "team-tourn"]
[EventRounds "13"]
[EventCountry "ENG"]
[SourceTitle "CB25_2025"]
[SourceDate "2025.06.18"]
[SourceVersion "1"]
[SourceVersionDate "2025.06.18"]
[SourceQuality "1"]
[WhiteTeam "Theme Int Trading"]
[BlackTeam "UK Challenge Masters"]
[WhiteTeamCountry "SIN"]
[BlackTeamCountry "ENG"]

1. c4 e5 2. g3 c6 3. Nf3 e4 4. Nd4 d5 5. cxd5 cxd5 6. Bg2 Nf6 7. 0-0 Bc5 8. Nb3 Bb6 9. d3 0-0 10. Nc3 Bf5 11. Bg5 exd3 12. Nxd5 dxe2 13. Qxe2 Nbd7 14. Rad1 Qc8 15. Ne7+ 1-0

[Event "WchT Rapid"]
[Site "London"]
[Date "2025.06.13"]
[Round "9.4"]
[White "Nomin Erdene, Davaademberel"]
[Black "Siddharth, Jagadeesh"]
[Result "0-1"]
[WhiteElo "2239"]
[BlackElo "2408"]
[PlyCount "150"]
[EventDate "2025.06.11"]
[EventType "team-swiss"]
[EventRounds "12"]
[EventCountry "ENG"]
[SourceTitle "CB25_2025"]
[SourceDate "2025.06.18"]
[SourceVersion "1"]
[SourceVersionDate "2025.06.18"]
[SourceQuality "1"]
[WhiteTeam "The MongolZ"]
[BlackTeam "Theme Int Trading"]
[WhiteTeamCountry "MGL"]
[BlackTeamCountry "SIN"]

1. e4 d6 2. d4 Nf6 3. Nc3 e5 4. Nf3 Nbd7 5. Bc4 Be7 6. 0-0 0-0 7. Re1 c6 8. a4 h6 9. h3 Re8 10. b3 exd4 11. Nxd4 Ne5 12. Bf1 Ng6 13. a5 Qc7 14. Bd2 Bf8 15. Kh1 Bd7 16. f4 b5 17. axb6 axb6 18. Rxa8 Rxa8 19. Qf3 Re8 20. g4 b5 21. Nf5 b4 22. Nd1 d5 23. exd5 Rxe1 24. Bxe1 Nxd5 25. Bg3 Bxf5 26. gxf5 Nge7 27. Bd3 Qa7 28. Bf2 Qa1 29. Kh2 Qf6 30. Qe4 Nc8 31. Bd4 Qh4 32. Be5 Nd6 33. Qf3 f6 34. Bxd6 Bxd6 35. Bc4 Bxf4+ 36. Kg2 Kh7 37. Bxd5 cxd5 38. Nf2 h5 39. Qxd5 Qg3+ 40. Kf1 Be3 41. Ne4 Qf3+ 42. Ke1 Bf2+ 43. Kf1 Bd4+ 44. Ke1 Bc3+ 45. Nxc3 Qxc3+ 46. Qd2 Qxh3 47. Qxb4 Qxf5 48. Qc4 Qh3 49. b4 Qg3+ 50. Kf1 Qf3+ 51. Kg1 f5 52. b5 Qg3+ 53. Kh1 h4 54. Qd3 Qg4 55. Kh2 Qf4+ 56. Kh3 Kh6 57. Qb3 Qe4 58. Kh2 g5 59. Qc3 Qe2+ 60. Kg1 Qxb5 61. Qh8+ Kg6 62. Qc8 Qe2 63. Qh8 Qd1+ 64. Kh2 Qxc2+ 65. Kg1 Qd1+ 66. Kh2 Qd5 67. Qe8+ Qf7 68. Qc6+ Kh5 69. Qc3 Qf8 70. Qf3+ g4 71. Qf4 Qc8 72. Qe5 Qc2+ 73. Kg1 Qd1+ 74. Kh2 g3+ 75. Kg2 Qd2+ 0-1

[Event "WchT Rapid"]
[Site "London"]
[Date "2025.06.13"]
[Round "12.4"]
[White "Sadvakasov, Darmen"]
[Black "Siddharth, Jagadeesh"]
[Result "0-1"]
[WhiteElo "2587"]
[BlackElo "2408"]
[PlyCount "72"]
[EventDate "2025.06.11"]
[EventType "team-swiss"]
[EventRounds "12"]
[EventCountry "ENG"]
[SourceTitle "CB25_2025"]
[SourceDate "2025.06.18"]
[SourceVersion "1"]
[SourceVersionDate "2025.06.18"]
[SourceQuality "1"]
[WhiteTeam "KazChess"]
[BlackTeam "Theme Int Trading"]
[WhiteTeamCountry "KAZ"]
[BlackTeamCountry "SIN"]

1. e4 d6 2. d4 Nf6 3. Nc3 e5 4. Nf3 Nbd7 5. Bc4 Be7 6. 0-0 0-0 7. a4 c6 8. Qe2 exd4 9. Nxd4 Re8 10. Bd3 Nc5 11. Be3 Ng4 12. Bf4 Qb6 13. Nf5 Bxf5 14. exf5 Qxb2 15. Qxg4 Qxc3 16. Qg3 Nxd3 17. cxd3 Qf6 18. Rab1 b6 19. Rfe1 Bf8 20. Rec1 c5 21. Qh3 Re2 22. Be3 Re8 23. a5 Rb2 24. axb6 axb6 25. g4 Rxb1 26. Rxb1 d5 27. Qf3 Qc6 28. Kg2 Rc8 29. h4 b5 30. g5 b4 31. Bd2 c4 32. Bxb4 Rb8 33. Bxf8 Rxb1 34. Be7 c3 35. d4 c2 36. Ba3 c1Q 0-1

[Event "WchT Rapid"]
[Site "London"]
[Date "2025.06.12"]
[Round "7.4"]
[White "Siddharth, Jagadeesh"]
[Black "Loftgaard, Mikkel Vinh"]
[Result "0-1"]
[WhiteElo "2408"]
[BlackElo "2160"]
[PlyCount "48"]
[EventDate "2025.06.11"]
[EventType "team-swiss"]
[EventRounds "12"]
[EventCountry "ENG"]
[SourceTitle "CB25_2025"]
[SourceDate "2025.06.18"]
[SourceVersion "1"]
[SourceVersionDate "2025.06.18"]
[SourceQuality "1"]
[WhiteTeam "Theme Int Trading"]
[BlackTeam "Allez-Y Initiative!"]
[WhiteTeamCountry "SIN"]
[BlackTeamCountry "DEN"]

1. c4 e6 2. g3 Nf6 3. Bg2 d5 4. Nf3 b6 5. cxd5 exd5 6. 0-0 Be7 7. d3 0-0 8. Nc3 Bb7 9. Nd4 Qc8 10. e4 dxe4 11. dxe4 Rd8 12. Nf5 Bf8 13. Qc2 Nbd7 14. Bf4 Nc5 15. Be5 Qe6 16. Bxf6 Qxf6 17. Ne3 c6 18. Rfd1 Ne6 19. Rxd8 Rxd8 20. Rd1 Nd4 21. Qa4 Bc5 22. Qxa7 Qe7 23. Nf5 Qc7 24. Qa4 b5 0-1

[Event "WchT Rapid"]
[Site "London"]
[Date "2025.06.11"]
[Round "1.4"]
[White "Skytte, Robert"]
[Black "Siddharth, Jagadeesh"]
[Result "0-1"]
[WhiteElo "1846"]
[BlackElo "2408"]
[PlyCount "58"]
[EventDate "2025.06.11"]
[EventType "team-swiss"]
[EventRounds "12"]
[EventCountry "ENG"]
[SourceTitle "CB25_2025"]
[SourceDate "2025.06.18"]
[SourceVersion "1"]
[SourceVersionDate "2025.06.18"]
[SourceQuality "1"]
[WhiteTeam "Danish Futures"]
[BlackTeam "Theme Int Trading"]
[WhiteTeamCountry "DEN"]
[BlackTeamCountry "SIN"]

1. e4 d6 2. d4 Nf6 3. Nc3 e5 4. dxe5 dxe5 5. Qxd8+ Kxd8 6. Bg5 Be6 7. 0-0-0+ Nbd7 8. g3 Kc8 9. Bh3 h6 10. Bxe6 fxe6 11. Be3 Ng4 12. Nf3 Nxe3 13. fxe3 Bc5 14. Rd3 Rf8 15. Rf1 Bb4 16. Rdd1 Bxc3 17. bxc3 Rf6 18. g4 a5 19. h4 Ra6 20. g5 Rf8 21. gxh6 gxh6 22. h5 Rd6 23. Rde1 b5 24. Nh4 Rxf1 25. Rxf1 Nc5 26. Rf6 Nxe4 27. Rxh6 Nxc3 28. Rh8+ Kb7 29. h6 b4 0-1

[Event "Dubai op-A 25th"]
[Site "Dubai"]
[Date "2025.06.02"]
[Round "7"]
[White "Siddharth, Jagadeesh"]
[Black "Vivaan, Vishal Shah"]
[Result "1-0"]
[WhiteElo "2472"]
[BlackElo "2410"]
[PlyCount "113"]
[EventDate "2025.05.27"]
[EventType "swiss"]
[EventRounds "9"]
[EventCountry "UAE"]
[SourceTitle "CB23_2025"]
[SourceDate "2025.06.04"]
[SourceVersion "1"]
[SourceVersionDate "2025.06.04"]
[SourceQuality "1"]

1. e4 c5 2. Nf3 Nc6 3. Bc4 e5 4. c3 d6 5. 0-0 Be7 6. a3 Nf6 7. d3 a6 8. b4 h6 9. Nbd2 0-0 10. Re1 Re8 11. Qb3 Rf8 12. Nf1 Bg4 13. Ne3 Bxf3 14. gxf3 Nh5 15. bxc5 Na5 16. Qb6 dxc5 17. Qxd8 Rfxd8 18. Nd5 Bg5 19. Bxg5 hxg5 20. a4 Rd6 21. Rab1 Rad8 22. Re2 Nf4 23. Nxf4 gxf4 24. Bd5 Rxd5 25. exd5 Rxd5 26. Rd2 c4 27. Kf1 cxd3 28. Rbd1 b5 29. Rxd3 Rc5 30. axb5 axb5 31. Rd5 Rxc3 32. Rxe5 Rxf3 33. Rxb5 Nc6 34. Rc5 Nb4 35. Rc4 Rd3 36. Rxd3 Nxd3 37. Rd4 Ne5 38. Rxf4 f6 39. Ra4 Kh7 40. Kg2 g5 41. h4 gxh4 42. Rxh4+ Kg6 43. Ra4 Kf5 44. Kg3 Ng6 45. Ra5+ Ke6 46. Kf3 Ne5+ 47. Ke4 f5+ 48. Kf4 Nd3+ 49. Ke3 Ne5 50. Ra6+ Kf7 51. Kf4 Nd3+ 52. Kxf5 Nxf2 53. Rd6 Nh3 54. Rd3 Ng1 55. Re3 Kf8 56. Kg4 Kf7 57. Re1 1-0

[Event "Dubai op-A 25th"]
[Site "Dubai"]
[Date "2025.05.31"]
[Round "5"]
[White "Siddharth, Jagadeesh"]
[Black "Ghimpu, Samuel Timotei"]
[Result "1/2-1/2"]
[WhiteElo "2472"]
[BlackElo "2421"]
[PlyCount "60"]
[EventDate "2025.05.27"]
[EventType "swiss"]
[EventRounds "9"]
[EventCountry "UAE"]
[SourceTitle "CB23_2025"]
[SourceDate "2025.06.04"]
[SourceVersion "1"]
[SourceVersionDate "2025.06.04"]
[SourceQuality "1"]

1. d4 Nf6 2. c4 e6 3. Nc3 d5 4. cxd5 Nxd5 5. Nf3 c5 6. g3 Nxc3 7. bxc3 cxd4 8. Qxd4 Nc6 9. Qxd8+ Kxd8 10. Bg2 f6 11. Nd4 Bd7 12. Rb1 Kc8 13. h4 h5 14. 0-0 e5 15. Nxc6 Bxc6 16. Bxc6 bxc6 17. Be3 Bd6 18. Rfd1 Rd8 19. Kg2 g6 20. Kf3 Rb8 21. Bxa7 Ra8 22. Bb6 Bc7 23. Rxd8+ Kxd8 24. Bxc7+ Kxc7 25. Rb2 Ra3 26. Rc2 Kd6 27. Ke4 Ra4+ 28. Ke3 g5 29. hxg5 fxg5 30. Rc1 Ke6 1/2-1/2

[Event "Dubai op-A 25th"]
[Site "Dubai"]
[Date "2025.05.29"]
[Round "3"]
[White "Siddharth, Jagadeesh"]
[Black "Zemlyanskii, Ivan"]
[Result "0-1"]
[WhiteElo "2472"]
[BlackElo "2563"]
[PlyCount "142"]
[EventDate "2025.05.27"]
[EventType "swiss"]
[EventRounds "9"]
[EventCountry "UAE"]
[SourceTitle "CB23_2025"]
[SourceDate "2025.06.04"]
[SourceVersion "1"]
[SourceVersionDate "2025.06.04"]
[SourceQuality "1"]

1. e4 e5 2. Nf3 Nc6 3. Bc4 Nf6 4. d3 Be7 5. 0-0 0-0 6. Re1 d6 7. a4 Be6 8. b3 Bg4 9. h3 Bh5 10. a5 d5 11. exd5 Nxd5 12. Bb2 Bb4 13. c3 Bxa5 14. g4 Bg6 15. b4 Bb6 16. Bxd5 Qxd5 17. c4 Qxd3 18. c5 Nxb4 19. cxb6 Nc2 20. Qxd3 Bxd3 21. Rd1 Nxa1 22. Rxd3 e4 23. Rc3 exf3 24. bxc7 Rac8 25. Bxa1 Rfe8 26. Kf1 Re7 27. Rxf3 Rexc7 28. Rb3 Rd7 29. Kg2 f6 30. Nc3 b6 31. Ne4 Rc4 32. Kf3 Kf7 33. h4 Rd5 34. h5 h6 35. Ke3 b5 36. Bc3 Ra4 37. f4 a5 38. Bxf6 gxf6 39. Nc3 Rad4 40. Nxd5 Rxd5 41. Rc3 b4 42. Rc7+ Ke6 43. f5+ Kd6 44. Rf7 b3 45. Rxf6+ Kc7 46. Rf7+ Kc6 47. Rf6+ Kc5 48. Rf8 a4 49. f6 Rd7 50. f7 Rxf7 51. Rxf7 a3 52. Rb7 Kc4 53. Rc7+ Kd5 54. Rc3 a2 55. Rxb3 a1Q 56. Rb5+ Kc4 57. Rf5 Qg1+ 58. Kf3 Kd4 59. Rf4+ Kd3 60. Rf5 Qh2 61. Rd5+ Kc2 62. Rc5+ Kd2 63. Rd5+ Ke1 64. Rf5 Qf2+ 65. Ke4 Qe2+ 66. Kf4 Kf2 67. Rf6 Qe3+ 68. Kf5 Kf3 69. Rg6 Qe7 70. g5 hxg5 71. Rxg5 Qf7+ 0-1

[Event "Dubai op-A 25th"]
[Site "Dubai"]
[Date "2025.05.27"]
[Round "1"]
[White "Zia, Tahsin Tajwar"]
[Black "Siddharth, Jagadeesh"]
[Result "0-1"]
[WhiteElo "2374"]
[BlackElo "2472"]
[PlyCount "64"]
[EventDate "2025.05.27"]
[EventType "swiss"]
[EventRounds "9"]
[EventCountry "UAE"]
[SourceTitle "CB23_2025"]
[SourceDate "2025.06.04"]
[SourceVersion "1"]
[SourceVersionDate "2025.06.04"]
[SourceQuality "1"]

1. Nf3 Nf6 2. c4 g6 3. Nc3 Bg7 4. e4 d6 5. d4 0-0 6. Be2 e5 7. d5 a5 8. Bg5 Na6 9. Nd2 Qe8 10. h4 Nd7 11. h5 Nb6 12. Nf3 Nc5 13. Be3 f5 14. hxg6 hxg6 15. Qd2 Nba4 16. Nxa4 Qxa4 17. Bxc5 dxc5 18. Qg5 fxe4 19. Nd2 Qc2 20. Qxg6 Bf5 21. Qh5 Ra6 22. Qg5 Rg6 23. Qe3 Rxg2 24. Bf1 Rg6 25. Qxc5 Qxb2 26. Rb1 Qd4 27. Qxd4 exd4 28. Rxb7 e3 29. fxe3 dxe3 30. Nb3 Be4 31. Rh3 Rxf1+ 32. Kxf1 Bd3+ 0-1

[Event "Sharjah Masters-A 8th"]
[Site "Sharjah"]
[Date "2025.05.23"]
[Round "7"]
[White "Siddharth, Jagadeesh"]
[Black "Bai, Jinshi"]
[Result "1/2-1/2"]
[WhiteElo "2472"]
[BlackElo "2572"]
[PlyCount "33"]
[EventDate "2025.05.17"]
[EventType "swiss"]
[EventRounds "9"]
[EventCountry "UAE"]
[SourceTitle "CB22_2025"]
[SourceDate "2025.05.28"]
[SourceVersion "1"]
[SourceVersionDate "2025.05.28"]
[SourceQuality "1"]

1. e4 e5 2. Nf3 Nf6 3. Nxe5 d6 4. Nf3 Nxe4 5. d4 d5 6. Bd3 Nc6 7. 0-0 Be7 8. Nbd2 Bf5 9. Re1 Nxd2 10. Qxd2 Qd7 11. Bb5 0-0 12. Ne5 Qd6 13. Bxc6 bxc6 14. Qc3 c5 15. dxc5 Qxc5 16. Nc6 Bd6 17. Qxc5 1/2-1/2

[Event "Asia-ch"]
[Site "Al Ain"]
[Date "2025.05.10"]
[Round "4"]
[White "Siddharth, Jagadeesh"]
[Black "Puranik, Abhimanyu Sameer"]
[Result "0-1"]
[WhiteElo "2472"]
[BlackElo "2624"]
[PlyCount "60"]
[EventDate "2025.05.07"]
[EventType "swiss"]
[EventRounds "9"]
[EventCountry "UAE"]
[SourceTitle "CB21_2025"]
[SourceDate "2025.05.21"]
[SourceVersion "1"]
[SourceVersionDate "2025.05.21"]
[SourceQuality "1"]

1. e4 e5 2. Nf3 Nc6 3. Bb5 a6 4. Bxc6 dxc6 5. 0-0 Qf6 6. d4 exd4 7. Bg5 Qd6 8. Nxd4 Be7 9. Be3 Bd7 10. Nd2 0-0-0 11. Nc4 Qf6 12. Qe2 h5 13. Rad1 Nh6 14. e5 Qh4 15. Na5 Bc5 16. e6 fxe6 17. Nf3 Qe4 18. Ng5 Qf5 19. h4 Be7 20. Nc4 Ng4 21. Bc1 b5 22. f3 Qc5+ 23. Kh1 bxc4 24. fxg4 hxg4 25. Qxg4 e5 26. Qe4 g6 27. Be3 Rxh4+ 28. Qxh4 Qxe3 29. Qh7 Qxg5 30. Rf7 Be6 0-1

[Event "Asia-ch"]
[Site "Al Ain"]
[Date "2025.05.07"]
[Round "1"]
[White "Fu, Yihe Rebo"]
[Black "Siddharth, Jagadeesh"]
[Result "1/2-1/2"]
[WhiteElo "2123"]
[BlackElo "2472"]
[PlyCount "34"]
[EventDate "2025.05.07"]
[EventType "swiss"]
[EventRounds "9"]
[EventCountry "UAE"]
[SourceTitle "CB21_2025"]
[SourceDate "2025.05.21"]
[SourceVersion "1"]
[SourceVersionDate "2025.05.21"]
[SourceQuality "1"]

1. e4 c6 2. d4 d5 3. e5 Bf5 4. Nf3 e6 5. Be2 Nd7 6. 0-0 a5 7. c4 Ne7 8. Nc3 dxc4 9. Bxc4 Nb6 10. Be2 Ned5 11. a3 Be7 12. Bd3 Bxd3 13. Qxd3 0-0 14. Ne4 h6 15. Bd2 a4 16. Rac1 Nd7 17. Ng3 Re8 1/2-1/2

[Event "Eastern Asia zt 3.3"]
[Site "Ulaanbaatar"]
[Date "2025.04.26"]
[Round "5"]
[White "Bersamina, Paulo"]
[Black "Siddharth, Jagadeesh"]
[Result "1-0"]
[WhiteElo "2411"]
[BlackElo "2472"]
[PlyCount "93"]
[EventDate "2025.04.23"]
[EventType "swiss"]
[EventRounds "9"]
[EventCountry "MGL"]
[SourceTitle "CB20_2025"]
[SourceDate "2025.05.14"]
[SourceVersion "1"]
[SourceVersionDate "2025.05.14"]
[SourceQuality "1"]

1. e4 c5 2. Nf3 e6 3. c3 Nf6 4. e5 Nd5 5. a3 d6 6. d4 cxd4 7. c4 Ne7 8. exd6 Qxd6 9. Nc3 a6 10. Qxd4 Qxd4 11. Nxd4 Bd7 12. Be3 Nbc6 13. Ne4 Ng6 14. Nb3 f5 15. Nc3 Nce5 16. Na5 0-0-0 17. Bb6 Re8 18. c5 Kb8 19. 0-0-0 Rc8 20. b4 Be7 21. g3 f4 22. Bg2 Bc6 23. Nxc6+ bxc6 24. Bf1 Rcf8 25. Ne4 Kb7 26. Be2 h5 27. h4 f3 28. Bf1 Ra8 29. Bh3 Nf8 30. Rd4 Nfd7 31. Ba5 Nf6 32. Rhd1 Rae8 33. Nxf6 Bxf6 34. Re4 g5 35. hxg5 Bxg5+ 36. Kc2 Bf6 37. Rde1 h4 38. gxh4 Ng6 39. Rxe6 Ref8 40. Rd6 Rxh4 41. Bf5 Ne5 42. Rxf6 Rxf6 43. Rxe5 Rf7 44. Be4 Rh2 45. Re6 Rxf2+ 46. Kd3 Ka8 47. Kc4 1-0

[Event "Eastern Asia zt 3.3"]
[Site "Ulaanbaatar"]
[Date "2025.04.24"]
[Round "2"]
[White "Siddharth, Jagadeesh"]
[Black "Agibileg, Uurtsaikh"]
[Result "1-0"]
[WhiteElo "2472"]
[BlackElo "2366"]
[PlyCount "75"]
[EventDate "2025.04.23"]
[EventType "swiss"]
[EventRounds "9"]
[EventCountry "MGL"]
[SourceTitle "CB20_2025"]
[SourceDate "2025.05.14"]
[SourceVersion "1"]
[SourceVersionDate "2025.05.14"]
[SourceQuality "1"]

1. d4 d6 2. Nf3 Nf6 3. c4 g6 4. Nc3 Bg7 5. e4 0-0 6. Be2 e5 7. d5 a5 8. h3 Nh5 9. g3 f5 10. exf5 gxf5 11. g4 Nf4 12. Bxf4 exf4 13. Qc2 a4 14. a3 Nd7 15. 0-0-0 Nc5 16. Bd3 Qf6 17. g5 Qe7 18. h4 Bd7 19. h5 Rae8 20. h6 Be5 21. Rdg1 Nb3+ 22. Kb1 Nd4 23. Nxd4 Bxd4 24. g6 hxg6 25. Rxg6+ Kh8 26. Ne2 Be5 27. Qd2 b5 28. Nxf4 bxc4 29. Bxc4 Rb8 30. b4 Be8 31. Re6 Qd7 32. Qe3 Rg8 33. Bd3 Bxf4 34. Qxf4 Bg6 35. Qd4+ Kh7 36. Qf6 Rbe8 37. Rhe1 Rgf8 38. Qxg6+ 1-0

[Event "Eastern Asia zt 3.3"]
[Site "Ulaanbaatar"]
[Date "2025.04.23"]
[Round "1"]
[White "Ganbaatar, Ishdagva"]
[Black "Siddharth, Jagadeesh"]
[Result "0-1"]
[WhiteElo "2065"]
[BlackElo "2472"]
[PlyCount "45"]
[EventDate "2025.04.23"]
[EventType "swiss"]
[EventRounds "9"]
[EventCountry "MGL"]
[SourceTitle "CB20_2025"]
[SourceDate "2025.05.14"]
[SourceVersion "1"]
[SourceVersionDate "2025.05.14"]
[SourceQuality "1"]

1. d4 Nf6 2. Nf3 g6 3. c4 Bg7 4. Nc3 d6 5. g3 0-0 6. Bg2 Nbd7 7. 0-0 e5 8. d5 a5 9. e4 Nc5 10. Qc2 b6 11. Ne1 Nfd7 12. g4 f5 13. f3 fxg4 14. fxg4 Rxf1+ 15. Bxf1 Qh4 16. Qe2 Nf6 17. h3 h5 18. gxh5 gxh5 19. Qg2 Nfxe4 20. Nf3 Qg3 21. Nb5 Bd7 22. Nxc7 Rf8 23. Ng5 0-1

[Event "Wch U20 62nd"]
[Site "Petrovac"]
[Date "2025.03.03"]
[Round "7"]
[White "Siddharth, Jagadeesh"]
[Black "Sapenov, Daniyal"]
[Result "1/2-1/2"]
[WhiteElo "2496"]
[BlackElo "2391"]
[PlyCount "79"]
[EventDate "2025.02.25"]
[EventType "swiss"]
[EventRounds "11"]
[EventCountry "MNE"]
[SourceTitle "CB11_2025"]
[SourceDate "2025.03.12"]
[SourceVersion "1"]
[SourceVersionDate "2025.03.12"]
[SourceQuality "1"]

1. c4 e6 2. Nc3 d5 3. d4 Nf6 4. cxd5 exd5 5. Bg5 Be7 6. e3 h6 7. Bh4 Bg4 8. f3 Be6 9. Bd3 c5 10. Nge2 Nc6 11. 0-0 cxd4 12. exd4 0-0 13. Kh1 Qd7 14. g4 Ne4 15. Bxe7 Nxc3 16. bxc3 Nxe7 17. Bc2 Ng6 18. Qd3 Rfe8 19. h3 Nf8 20. f4 Qd6 21. f5 Bd7 22. f6 g6 23. Nf4 Bc6 24. Qd2 Kh7 25. h4 Bb5 26. Rf2 Ne6 27. Nxg6 fxg6 28. Bxg6+ Kxg6 29. Qc2+ Kf7 30. Qh7+ Kf8 31. Qxh6+ Kf7 32. Qh7+ Kf8 33. Rg1 Rec8 34. g5 Ke8 35. Rf3 Kd8 36. g6 Qd7 37. g7 Kc7 38. f7 Nxg7 39. Rxg7 Rf8 40. Qg6 1/2-1/2

[Event "Wch U20 62nd"]
[Site "Petrovac"]
[Date "2025.02.28"]
[Round "4"]
[White "Dyachuk, Artem"]
[Black "Siddharth, Jagadeesh"]
[Result "0-1"]
[WhiteElo "2293"]
[BlackElo "2496"]
[PlyCount "94"]
[EventDate "2025.02.25"]
[EventType "swiss"]
[EventRounds "11"]
[EventCountry "MNE"]
[SourceTitle "CB11_2025"]
[SourceDate "2025.03.12"]
[SourceVersion "1"]
[SourceVersionDate "2025.03.12"]
[SourceQuality "1"]

1. d4 Nf6 2. c4 g6 3. Nc3 Bg7 4. g3 0-0 5. Bg2 d6 6. Nf3 c6 7. 0-0 Bf5 8. b3 Ne4 9. Bb2 Nxc3 10. Bxc3 Be4 11. e3 e6 12. Bh3 Nd7 13. Qe2 Bxf3 14. Qxf3 d5 15. Qe2 a6 16. a4 a5 17. cxd5 exd5 18. b4 Nf6 19. Bg2 axb4 20. Bxb4 Re8 21. Rfb1 h5 22. a5 Qc8 23. Qc2 h4 24. Rc1 h3 25. Bf1 Ne4 26. Bd3 Qf5 27. Qe2 Qf6 28. Ra2 Bh6 29. Rf1 Qe6 30. f3 Nf6 31. e4 dxe4 32. fxe4 Be3+ 33. Kh1 Bxd4 34. Rc2 Rad8 35. Qf3 Qg4 36. a6 bxa6 37. Rxc6 Qxf3+ 38. Rxf3 Nxe4 39. Bc4 Nf2+ 40. Kg1 Ng4+ 41. Kh1 Nf2+ 42. Kg1 Ng4+ 43. Kh1 Ne5 44. Rxg6+ Nxg6 45. Bxf7+ Kg7 46. Bxe8 Rxe8 47. Rd3 Rc8 0-1

[Event "Goa op"]
[Site "Taleigao"]
[Date "2025.01.19"]
[Round "10"]
[White "Siddharth, Jagadeesh"]
[Black "Vijay, Shreeram P"]
[Result "1-0"]
[WhiteElo "2515"]
[BlackElo "2025"]
[PlyCount "49"]
[EventDate "2025.01.11"]
[EventType "swiss"]
[EventRounds "10"]
[EventCountry "IND"]
[SourceTitle "CB04_2025"]
[SourceDate "2025.01.22"]
[SourceVersion "1"]
[SourceVersionDate "2025.01.22"]
[SourceQuality "1"]

1. d4 f5 2. g3 e6 3. Bg2 Nf6 4. Nf3 Be7 5. 0-0 0-0 6. c4 d6 7. Nc3 Ne4 8. Rb1 Nc6 9. d5 Nxc3 10. bxc3 Na5 11. dxe6 Bxe6 12. Nd4 Bxc4 13. Qa4 b6 14. Rb4 d5 15. Rxc4 dxc4 16. Ne6 Qd6 17. Rd1 Qe5 18. Bxa8 Rxa8 19. Qd7 Kf7 20. Ng5+ Kg6 21. Nf3 Qe4 22. Qxc7 Bf6 23. Rd6 Qb7 24. Rxf6+ Kxf6 25. Qe5+ 1-0

[Event "Goa op"]
[Site "Taleigao"]
[Date "2025.01.11"]
[Round "1"]
[White "Lasya, Goli"]
[Black "Siddharth, Jagadeesh"]
[Result "0-1"]
[WhiteElo "2039"]
[BlackElo "2515"]
[PlyCount "64"]
[EventDate "2025.01.11"]
[EventType "swiss"]
[EventRounds "10"]
[EventCountry "IND"]
[SourceTitle "CB04_2025"]
[SourceDate "2025.01.22"]
[SourceVersion "1"]
[SourceVersionDate "2025.01.22"]
[SourceQuality "1"]

1. e4 e5 2. Nf3 Nc6 3. d4 exd4 4. Bc4 Nf6 5. e5 d5 6. Bb5 Ne4 7. Nxd4 Bd7 8. Bxc6 bxc6 9. 0-0 Bc5 10. Be3 Bb6 11. c3 0-0 12. f3 Nc5 13. Re1 Re8 14. b4 Nb7 15. f4 f6 16. e6 Bxe6 17. Nxc6 Bg4 18. Qd2 Qd7 19. Nd4 a5 20. Nc2 c5 21. bxc5 Nxc5 22. Nba3 Rac8 23. c4 Qa4 24. Qxd5+ Kh8 25. Rab1 Red8 26. Rxb6 Rxd5 27. cxd5 h5 28. Rc6 Rxc6 29. dxc6 Nd3 30. Rb1 Qxc6 31. h3 Be6 32. Rb5 Qe4 0-1

[Event "Chennai op 15th"]
[Site "Chennai"]
[Date "2025.01.04"]
[Round "4"]
[White "Sathvik, Adiga"]
[Black "Siddharth, Jagadeesh"]
[Result "0-1"]
[WhiteElo "2395"]
[BlackElo "2515"]
[PlyCount "96"]
[EventDate "2025.01.02"]
[EventType "swiss"]
[EventRounds "10"]
[EventCountry "IND"]
[SourceTitle "CB03_2025"]
[SourceDate "2025.01.15"]
[SourceVersion "1"]
[SourceVersionDate "2025.01.15"]
[SourceQuality "1"]

1. e4 e5 2. Nf3 Nc6 3. Bc4 Bc5 4. c3 Nf6 5. d3 d6 6. 0-0 a5 7. Re1 0-0 8. h3 Be6 9. Bb5 Ba7 10. Be3 Bxe3 11. Rxe3 Ne7 12. d4 c6 13. Bf1 h6 14. c4 c5 15. dxe5 dxe5 16. Nc3 Nc6 17. Qxd8 Rfxd8 18. Nd5 Nd7 19. Nd2 Nd4 20. Rc1 a4 21. a3 Bxd5 22. cxd5 b5 23. f3 c4 24. Nb1 Nc5 25. Nc3 Rab8 26. Na2 Rb6 27. Kf2 g5 28. Nb4 h5 29. Rd1 g4 30. Be2 gxh3 31. g3 Na6 32. Nxa6 Rxa6 33. Rh1 Rb6 34. f4 b4 35. Rxh3 bxa3 36. bxa3 Rb2 37. Rh1 f6 38. f5 c3 39. Rc1 Rc8 40. d6 c2 41. d7 Rd8 42. Rc3 Rxd7 43. Bd3 Kg7 44. Rc8 Ra2 45. Rc3 Rb7 46. Ke3 Rb3 47. Rc7+ Kh6 48. Kd2 Raxa3 0-1

[Event "Chennai op 15th"]
[Site "Chennai"]
[Date "2025.01.03"]
[Round "2"]
[White "Barath, Kalyan M"]
[Black "Siddharth, Jagadeesh"]
[Result "0-1"]
[WhiteElo "2186"]
[BlackElo "2515"]
[PlyCount "128"]
[EventDate "2025.01.02"]
[EventType "swiss"]
[EventRounds "10"]
[EventCountry "IND"]
[SourceTitle "CB03_2025"]
[SourceDate "2025.01.15"]
[SourceVersion "1"]
[SourceVersionDate "2025.01.15"]
[SourceQuality "1"]

1. Nf3 Nf6 2. c4 b6 3. g3 Bb7 4. Bg2 e6 5. 0-0 Be7 6. b3 0-0 7. Bb2 c5 8. Nc3 d5 9. cxd5 Nxd5 10. Rc1 Nd7 11. d4 Nxc3 12. Bxc3 Rc8 13. Bb2 Bf6 14. Qd2 Qe7 15. dxc5 Nxc5 16. Bxf6 Qxf6 17. Qd4 Rfd8 18. Qxf6 gxf6 19. Rfd1 Rxd1+ 20. Rxd1 Ne4 21. Ne1 f5 22. Bf3 Ba6 23. h4 Kf8 24. Nd3 Nc3 25. Rd2 Bxd3 26. Rxd3 Ke7 27. Rd2 b5 28. Rc2 b4 29. e3 Rc5 30. Rd2 e5 31. Bb7 Rc7 32. Ba6 Rd7 33. Rc2 Rd1+ 34. Kg2 Ra1 35. a4 bxa3 36. Rxc3 a2 37. Rc2 Rg1+ 38. Kxg1 a1Q+ 39. Bf1 f4 40. exf4 exf4 41. gxf4 a5 42. Rc4 Qf6 43. h5 Qf5 44. Be2 Qb1+ 45. Kg2 Qxb3 46. Rc7+ Kd6 47. Ra7 a4 48. h6 a3 49. Bh5 a2 50. Bxf7 a1Q 51. Rxa1 Qxf7 52. Ra6+ Kd5 53. Kg3 Qg8+ 54. Kf3 Qe8 55. Kg3 Ke4 56. Ra5 Qg6+ 57. Rg5 Qxh6 58. Re5+ Kd4 59. Rg5 Qh1 60. Re5 h5 61. Rg5 h4+ 62. Kg4 h3 63. Rh5 h2 64. Kg3 Qg1+ 0-1